000 00632nam a22001937a 4500
005 20140925115602.0
010 _aENG-110916
020 _a9788192958248
_c625.00
035 _aEN-94448
037 _bDBAD/PUB
082 _a307.72
100 _aVijay Kumar 'Piyush'
245 _aRural sociology and social work /
_cby Vijay Kumar 'Piyush'
260 _aNew Delhi
_bGyan Geeta Prakashan
_c2014
270 _aF-7, Gali no. 1, Panchsheel Garden Ext. Naveen Shahdara
_bNew Delhi
_e110032
300 _a320p.
_c23cm(Hb)
500 _aIncludes bibliographical references and index
942 _2ddc
_cEN
_mVIJ
_h307.72
999 _c88837
_d88837